000
00308nam a2200133Ia 4500
005
20260328101522.0
008
260328s9999||||xx |||||||||||||| ||und||
100
_a
DIMAD
245
0
_a
II Bienal ibero-Americana de DiseƱo /
_c
DIMAD
260
_b
DIMAD
300
_a
228 p.
650
_a
BIENALES
942
_c
BK
999
_c
9644
_d
9644